00800nam a2200241 a 4500001001300000003000900013005001700022008004100039020002300080082001300103100003100116245012500147260002500272300001000297500003500307505002600342650001300368700003100381902000800412942000700420952011400427999001700541nice12345678IN_TiNIC20260116014534.0121226s2009 dela grp 000 0 eng  a9788184650068c35000a230bKAW aKawini, Ramsay Chhuanliana aLord God Most High My Saviourb Theocentricity in Lukan Theology: An Exploration into the Portrayals of God in Luke-Acts aDelhi bISPCK c2009 a312p  aincludes index and biblioraphy2 aBibliography, Indices aTheology1 aKawini, Ramsay Chhuanliana bSRS cBK 001040708StackRoom-aHMIbHMId2012-12-26g350.00l0o230 KAWp023881r2012-12-26v350.00w2012-12-26yBK c15853d15853